000 00403nam a2200157Ia 4500
008 220204s9999 xx 000 0 und d
082 _a633.88(540)
_bJAI
100 _aDeFilipps, Robert A
245 0 _aMedicinal plants of India. 2 V
260 _aMichigan
_bReference Pub
_c1991
505 _aSet price
650 _aFolk medicine
650 _aMateria medica
700 _aJain, S K
942 _cBK
999 _c40439
_d40439